00343nam a22001217a 450000500170000002000190001703500130003603700130004924500650006226000440012730000250017170000250019620120526131536.0 a8185565902c00 aA-948810 aDPLbENG aJudicial activism and Lokpal /cedited by Subhash C. Kashyap aNew DelhibUppal Publishing Housec1997 axiii, 185p.c20 cms. aKashyap, Subhash C.